Normal view MARC view
  • Business communication

Entry Topical Term

Number of records used in: 1

001 - CONTROL NUMBER

  • control field: 118060

003 - CONTROL NUMBER IDENTIFIER

  • control field: NUST

005 - DATE AND TIME OF LATEST TRANSACTION

  • control field: 20230920192504.0

008 - FIXED-LENGTH DATA ELEMENTS

  • fixed length control field: 230920|| aca||aabn | a|a d

040 ## - CATALOGING SOURCE

  • Original cataloging agency: NUST
  • Transcribing agency: NUST

150 ## - HEADING--TOPICAL TERM

  • Topical term or geographic name entry element: Business communication
  • Topical term or geographic name entry element: Social interaction
  • Topical term or geographic name entry element: Interpersonal communication

670 ## - SOURCE DATA FOUND

  • Source citation: Work cat.: (NUST)603119: Sullivan, Jay 116126, Simply said : communicating better at work and beyond/, 2017.
© 2023 Central Library, National University of Sciences and Technology. All Rights Reserved.